000 00431nam a2200157Ia 4500
005 20240624050709.0
008 240331s9999 xx 000 0 und d
020 _a8177200364
082 _bMON
_a894.811
100 _aMonaghan, J
245 0 _aSamooga-panpaattumaanidaviyal :
_bmikach curukkamana arimugam
260 _aputhanatham
_badaiyalam
_c2005
300 _a224 p .,
650 _aSocial & cultural Anthropology
942 _cL
999 _c3763
_d3763